000 01036nac a22003137a 4500
001 BR8302368
003 BR-BrBNA
005 20240105115722.0
008 230509b bl.|||m| |||| 00| 0 por d
040 _aBR-BrBNA
_bpor
_cBiblioteca Nacional de Agricultura
072 _aE70
090 _a0100 BR8302368
100 1 _aDesgualdo Netto, D.
100 1 _aVieira, J.L.T.M.
100 1 _aWiesel, P.A.
110 1 _aInstituto de Economia Agricola, Sao Paulo, SP (Brasil)
_96029
245 1 _aAbastecimento de mercados urbanos - zona cerealista da capital [mercado atacadista, Sao Paulo, Brasil]
260 3 _aSao Paulo, SP (Brasil):
_c1983.
300 _a23 p.
490 _aRelatorio de Pesquisa - Instituto de Economia Agricola (Brazil)
_vno. 8
_xISSN 0101-5109
500 _a18 tables; Summary (Pt)
650 _aCEREAL
650 _aMERCADO ATACADISTA
650 _aABASTECIMENTO
650 _aANALISE ESTATISTICA
650 _aSAO PAULO
909 _a202312
_bLúcia Elande
_c55
_dLúcia Elande
942 _2AGRIS
_n0
_cMS
999 _c276064
_d276064